000 01210nam a22002777a 4500
005 20150115165618.0
008 140909s2012 ck a gr 00010 spa d
020 _a9789588323442 (v.1)
020 _a9789588323428 (Obra completa)
040 _aCO-BoBLA
_cCO-BoBLA
_dCo-BoIAVH
041 _aspa
082 0 4 _a352.1098
_bD53d
245 0 0 _aDiálogo territorial tomo I /
_ctraducción Marcela Hormaza Rodríguez, editado por Iván Darío Gómez Guzmán, Jaime Alberto Duarte Castro, Felipe Fonseca Fino [et al].
260 _aBogotá :
_bInstituto Geográfico Agustín Codazzi IGAC.
_c2012.
300 _a2 vol.
_a 422 p.
_bil.
_c31 cm.
650 4 _aOrdenamiento territorial
_z Colombia.
_931668
650 4 _aOrdenamiento territorial
_x Aspectos ambientales
_z Colombia.
_931669
650 4 _aPlanificación regional
_z Colombia.
_931670
650 4 _aUsos del suelo
_z Colombia.
_931671
700 1 _aHormaza-Rodríguez, Marcela,
_etraductora.
_931664
700 1 _aGómez-Guzmán, Iván Dario,
_eeditor.
_931665
700 1 _aDuart-Castro, Jaime Alberto,
_eeditor.
_931666
700 1 _aFonseca-Fino, Felipe,
_eeditor.
_919404
700 1 _aTrujillo-Moya, Johana,
_eeditora.
_931667
942 _2ddc
_cLIBRO
999 _c8997
_d8997